00553nam a22001697a 450000500170000001000150001702000260003203500140005803700090007208200120008124500350009325000060012826000580013427001270019230000180031950000460033720260427125123.0 aENG-147849 a9789371360494c465.00 aEN-131381 bDBAD a540.076 aNEET 2026 Crash Course Biology a1 aUttar PradeshbPearson India Education Servicesc2026 a15th Flooor, Tower-B, World Trade Tower, Plot No. 1, Block-C, Sector-16bNoidae201301mcompanysecretary.india@pearson.com avp.c25cm(pb) a A Complete Guide for NEET (UG) Aspirants